Combining molecular and morphological analyses of water strider phylogeny (Hemiptera-Heteroptera, Gerromorpha) (Registro nro. 13392)
[ vista simple ]
| 000 -CABECERA | |
|---|---|
| Campo de control | 005210000a22001450004500 |
| 090 ## - CLASIFICACIÓN LOCAL | |
| Colección | AR |
| Consecutivo | 04295 |
| 041 0# - IDIOMA | |
| Código de idioma para texto/pista de sonido o título separado | |
| 100 1# - ASIENTO PRINCIPAL--NOMBRE PERSONAL | |
| Nombre personal | Damgaard, Jakob |
| 245 10 - MENCION DE TITULO | |
| Título | Combining molecular and morphological analyses of water strider phylogeny (Hemiptera-Heteroptera, Gerromorpha) |
| Version | effects of alignment and taxon sampling |
| 500 ## - NOTA GENERAL | |
| Nota general | <Literatura de escarabajos coprófagos> |
| 700 1# - ASIENTO SECUNDARIO - NOMBRE PERSONAL | |
| Nombre personal | Andersen, Nils M. |
| 700 1# - ASIENTO SECUNDARIO - NOMBRE PERSONAL | |
| Nombre personal | Meler, Rudolf |
| 773 1# - Item fuente: | |
| Título | Systematic Entomology |
| Paginas del Articulo | 1-21 |
| Lugar, editorial y fecha de publicación | 2004 |
| 942 ## - ELEMENTOS ADICIONALES (KOHA) | |
| Tipo de ítem | Artículo |
| Withdrawn status | Lost status | Damaged status | No para préstamo | Colección | Ubicación Permanente | Ubicación actual | Fecha de adquisición | Fuente de Valor | Datos de publicación Seriada | Total Checkouts | Número topográfico | Inventario / Código de Barras | Date last seen | Ejemplar | Price effective from | Forma de adquisición | Tipo de material |
|---|---|---|---|---|---|---|---|---|---|---|---|---|---|---|---|---|---|
| No para Préstamo | Hemeroteca | Bogotá | Bogotá | 21/11/2006 | Trujillo, Diego | Fuera de circulación | AR 04295 | 023740 | 25/03/2015 | 1 | 25/03/2015 | Artículo |